Language Quiz

Random Language or Letter Quiz

Missing Vowels Quiz Stats

 Plays Quiz Updated Jun 8, 2018

Score 0/20 Timer 04:00
0 Plays Today
Hint Answer % Correct
Month of the yearApril
98.3%
U.S. federal holidayMemorial Day
91.2%
Branch of mathematicsAlgebra
89.9%
Leg boneTibia
82.2%
Disney animated filmMulan
82%
UEFA Champions league winnerLiverpool
76.2%
Space shuttleColumbia
71.6%
GM brandBuick
69%
European Union memberLithuania
68.4%
Country of OceaniaAustralia
64.5%
Hint Answer % Correct
Roald Dahl bookMatilda
62.2%
Primetime emmy winner (Drama)LOST
60.6%
Sign of the ZodiacAries
55.2%
US state capitalAugusta
50.6%
Greek Olympian GodAres
45.5%
Grammy winnerSantana
44.2%
Superman villianBizarro
30.9%
Knight of the round tableGawain
24.7%
Hall of fame quarterback (last name)Aikman
23.6%
Monopoly property (U.S.)Indiana Avenue
19.6%

You're not logged in!

Compare scores with friends on all Sporcle quizzes.
OR
Log In

Show Comments

Extras

Top Quizzes Today


Score Distribution

Your Account Isn't Verified!

In order to create a playlist on Sporcle, you need to verify the email address you used during registration. Go to your Sporcle Settings to finish the process.

Report this User

Report this user for behavior that violates our Community Guidelines.

Details: